[Event "Riga Tech op-A"]
[Site "Riga"]
[Date "2023.08.07"]
[Round "1"]
[White "Pfau, Beate"]
[Black "Schreiner, Peter"]
[Result "0-1"]
[WhiteElo "1992"]
[BlackElo "2391"]
[PlyCount "62"]
[EventDate "2023.08.07"]
[EventType "swiss"]
[EventRounds "9"]
[EventCountry "LAT"]
[SourceTitle "CBM 215 Extra"]
[Source "ChessBase"]
[SourceDate "2023.09.30"]
[SourceVersion "1"]
[SourceVersionDate "2023.09.30"]
[SourceQuality "1"]

1. c4 g6 2. g3 Bg7 3. Bg2 c5 4. Nc3 Nc6 5. d3 e6 6. Nf3 Nge7 7. 0-0 0-0 8. e4 Rb8 9. Rb1 a6 10. Be3 Nd4 11. Na4 d6 12. Qd2 b5 13. Nc3 Nec6 14. b3 Nxf3+ 15. Bxf3 Qf6 16. Bf4 Qxc3 17. Qxc3 Bxc3 18. Bxd6 Rd8 19. Bxb8 Nxb8 20. cxb5 axb5 21. Rfc1 b4 22. Be2 Nc6 23. a4 Nd4 24. Kf1 Ba6 25. Rd1 f5 26. e5 Bb7 27. h4 Bd5 28. f4 Bxb3 29. Rdc1 Ba2 30. Rxc3 bxc3 31. Ra1 c2 0-1

[Event "AUT-ch Rapid"]
[Site "Graz"]
[Date "2023.06.10"]
[Round "5"]
[White "Huber, Martin Christian"]
[Black "Schreiner, Peter"]
[Result "0-1"]
[WhiteElo "2342"]
[BlackElo "2391"]
[PlyCount "86"]
[EventDate "2023.06.10"]
[EventType "swiss (rapid)"]
[EventRounds "9"]
[EventCountry "AUT"]
[SourceTitle "CBM 214 Extra"]
[Source "ChessBase"]
[SourceDate "2023.07.31"]
[SourceVersion "1"]
[SourceVersionDate "2023.07.31"]
[SourceQuality "1"]

1. d4 Nf6 2. c4 g6 3. Nc3 d5 4. Nf3 Bg7 5. h4 c6 6. cxd5 cxd5 7. Bf4 Nc6 8. e3 0-0 9. Qb3 a6 10. Bd3 b5 11. 0-0 Bb7 12. Rfc1 e6 13. a4 b4 14. Na2 Ne4 15. Qd1 Qe7 16. Ng5 e5 17. dxe5 Nxe5 18. Nxe4 dxe4 19. Be2 a5 20. Bg3 Rfd8 21. Qe1 Nd3 22. Bxd3 exd3 23. Qd2 Rd7 24. Rc4 Rad8 25. Rac1 Bd5 26. b3 Bxc4 27. Rxc4 h5 28. Nc1 Bc3 29. Qd1 d2 30. Ne2 Bg7 31. Nf4 Qf6 32. Kf1 Qa6 33. Ne2 Rc8 34. Rxc8+ Qxc8 35. Nf4 Qa6+ 36. Kg1 Qc6 37. Kf1 Qa6+ 38. Kg1 Bc3 39. e4 Be5 40. Nd5 Bc3 41. f4 Qd3 42. f5 Qxg3 43. fxg6 Qe1+ 0-1

[Event "AUT-ch Blitz"]
[Site "Graz"]
[Date "2023.06.09"]
[Round "10"]
[White "Schreiner, Peter"]
[Black "Peyrer, Konstantin"]
[Result "1-0"]
[WhiteElo "2391"]
[BlackElo "2405"]
[PlyCount "113"]
[EventDate "2023.06.09"]
[EventType "swiss (blitz)"]
[EventRounds "11"]
[EventCountry "AUT"]
[SourceTitle "CBM 214 Extra"]
[Source "ChessBase"]
[SourceDate "2023.07.31"]
[SourceVersion "1"]
[SourceVersionDate "2023.07.31"]
[SourceQuality "1"]

1. d4 Nf6 2. Nf3 b6 3. g3 Bb7 4. Bg2 g6 5. c4 Bg7 6. 0-0 0-0 7. Nc3 Ne4 8. Nxe4 Bxe4 9. Bg5 Nc6 10. Be3 d6 11. Qd2 Na5 12. Rac1 c5 13. b3 Nc6 14. d5 Bxf3 15. Bxf3 Nd4 16. Bg2 a5 17. Bxd4 cxd4 18. a4 Qc7 19. e3 Qc5 20. exd4 Qxd4 21. Qe2 Ra7 22. Rcd1 Qc5 23. h4 Re8 24. Bh3 h5 25. Rd3 Be5 26. Kg2 e6 27. dxe6 fxe6 28. f4 Bf6 29. Bxe6+ Kg7 30. Re1 Rae7 31. Re3 Bd4 32. Re4 Kf6 33. Bd5 Rxe4 34. Bxe4 Qa3 35. Qd3 Qb2+ 36. Re2 Qc3 37. Qxc3 Bxc3 38. Kf3 Bb4 39. Re3 Bc5 40. Rd3 Re7 41. Rd5 Re8 42. Rg5 Rg8 43. f5 Bd4 44. fxg6 Kg7 45. Rxh5 Rf8+ 46. Rf5 Rxf5+ 47. Bxf5 Kf6 48. g4 Be5 49. Ke4 Kg7 50. h5 Kh6 51. Kd5 Bf4 52. Kc6 Be3 53. Kxd6 Bc5+ 54. Ke6 Be3 55. Kf7 Bd4 56. Bd3 Bc3 57. g5+ 1-0

[Event "AUT-chT 2223"]
[Site "Austria"]
[Date "2023.04.13"]
[Round "9.3"]
[White "Bauer, Sebastian"]
[Black "Schreiner, Peter"]
[Result "1/2-1/2"]
[WhiteElo "2291"]
[BlackElo "2393"]
[PlyCount "60"]
[EventDate "2022.11.03"]
[EventType "team-tourn"]
[EventRounds "11"]
[EventCountry "AUT"]
[SourceTitle "EXT 2024"]
[Source "ChessBase"]
[SourceDate "2023.10.10"]
[SourceVersion "1"]
[SourceVersionDate "2023.10.10"]
[SourceQuality "1"]
[WhiteTeam "Maria Saal"]
[BlackTeam "Raika Feffernitz"]
[WhiteTeamCountry "AUT"]
[BlackTeamCountry "AUT"]

1. e4 e5 2. Nf3 Nc6 3. Bc4 Nf6 4. d3 Be7 5. 0-0 0-0 6. h3 d6 7. a4 Kh8 8. Nc3 Be6 9. Re1 h6 10. Nd5 Qd7 11. Bd2 Nh7 12. b4 Bd8 13. b5 Ne7 14. d4 c6 15. bxc6 bxc6 16. Ne3 exd4 17. Nxd4 Nf6 18. e5 dxe5 19. Nxe6 fxe6 20. Bc3 Ned5 21. Bxe5 Ba5 22. Rf1 Ne4 23. Qh5 Nef6 24. Qg6 Qf7 25. Bd3 Qxg6 26. Bxg6 Nxe3 27. fxe3 Bb6 28. Bd4 Nd5 29. a5 Bxd4 30. exd4 Nf4 1/2-1/2

[Event "Lienz op 21st"]
[Site "Lienz"]
[Date "2023.02.14"]
[Round "5"]
[White "Schreiner, Peter"]
[Black "Tulchynskyi, Feliks"]
[Result "1-0"]
[WhiteElo "2401"]
[BlackElo "2139"]
[PlyCount "129"]
[EventDate "2023.02.11"]
[EventType "swiss"]
[EventRounds "9"]
[EventCountry "AUT"]
[SourceTitle "CBM 212 Extra"]
[Source "ChessBase"]
[SourceDate "2023.03.31"]
[SourceVersion "1"]
[SourceVersionDate "2023.03.31"]
[SourceQuality "1"]

1. d4 d5 2. c4 e6 3. Nf3 c6 4. e3 Nf6 5. b3 Nbd7 6. Bb2 Bd6 7. Bd3 0-0 8. 0-0 Qe7 9. Ne5 c5 10. Nd2 b6 11. Rc1 Bb7 12. cxd5 exd5 13. Nxd7 Nxd7 14. Qh5 Nf6 15. Qh3 h6 16. dxc5 bxc5 17. Rfe1 Rfe8 18. Nf1 Ne4 19. Ng3 Qg5 20. f4 Qg6 21. Nxe4 dxe4 22. Bc4 Red8 23. Qh4 Rd7 24. Rcd1 Be7 25. Qh3 Rxd1 26. Rxd1 Bc8 27. Qg3 Qxg3 28. hxg3 Bg4 29. Rd2 Rd8 30. Rxd8+ Bxd8 31. Be5 h5 32. Bd6 Bb6 33. Kf2 g6 34. Bd5 Bf5 35. Be7 Kg7 36. Ke2 Be6 37. Bxe4 c4 38. Bc2 f5 39. Bb4 Bd5 40. Bc3+ Kf7 41. Kf2 cxb3 42. axb3 Ke6 43. b4 Ke7 44. Bd4 Bxd4 45. exd4 Kd6 46. Ba4 Ke7 47. Bb5 Kf7 48. Be2 Ke6 49. Bb5 Ke7 50. Bf1 Kd6 51. Ke3 Ke7 52. Kd3 Kf6 53. Be2 Bf7 54. Bf3 Ke7 55. Kc3 Kd6 56. b5 Be6 57. Kb4 Bf7 58. Ka5 Kc7 59. Bc6 Bc4 60. Ka6 Kb8 61. d5 Bb3 62. d6 Be6 63. d7 Kc7 64. Kxa7 Bc4 65. b6+ 1-0

[Event "AUT-chT 2223"]
[Site "Austria"]
[Date "2022.11.06"]
[Round "4.5"]
[White "Schreiner, Peter"]
[Black "Mesaros, Florian"]
[Result "1/2-1/2"]
[WhiteElo "2393"]
[BlackElo "2404"]
[PlyCount "39"]
[EventDate "2022.11.03"]
[EventType "team-tourn"]
[EventRounds "11"]
[EventCountry "AUT"]
[SourceTitle "EXT 2024"]
[Source "ChessBase"]
[SourceDate "2023.10.10"]
[SourceVersion "1"]
[SourceVersionDate "2023.10.10"]
[SourceQuality "1"]
[WhiteTeam "Raika Feffernitz"]
[BlackTeam "Fuerstenfeld/Hartberg"]
[WhiteTeamCountry "AUT"]
[BlackTeamCountry "AUT"]

1. c4 c5 2. Nf3 Nc6 3. d4 cxd4 4. Nxd4 Nf6 5. Nc3 e6 6. Bf4 d5 7. cxd5 Nxd5 8. Nxc6 bxc6 9. Bd2 Bc5 10. Na4 Bd4 11. e3 Be5 12. Qc2 0-0 13. Bd3 Qh4 14. g3 Qh5 15. f4 Bf6 16. Be2 Qh3 17. Bf1 Qh5 18. Be2 Qh3 19. Bf1 Qh5 20. Be2 1/2-1/2

[Event "AUT-chT 2223"]
[Site "Austria"]
[Date "2022.11.04"]
[Round "2.6"]
[White "Bacrot, Etienne"]
[Black "Schreiner, Peter"]
[Result "1-0"]
[WhiteElo "2646"]
[BlackElo "2393"]
[PlyCount "77"]
[EventDate "2022.11.03"]
[EventType "team-tourn"]
[EventRounds "11"]
[EventCountry "AUT"]
[SourceTitle "EXT 2024"]
[Source "ChessBase"]
[SourceDate "2023.10.10"]
[SourceVersion "1"]
[SourceVersionDate "2023.10.10"]
[SourceQuality "1"]
[WhiteTeam "Linz"]
[BlackTeam "Raika Feffernitz"]
[WhiteTeamCountry "AUT"]
[BlackTeamCountry "AUT"]

1. e4 c5 2. Nf3 Nc6 3. d4 cxd4 4. Nxd4 g6 5. c4 Nf6 6. Nc3 Nxd4 7. Qxd4 d6 8. Be2 Bg7 9. 0-0 0-0 10. Qd3 Bd7 11. Bg5 a5 12. Rad1 Bc6 13. b3 Qb6 14. Rb1 Rfc8 15. Rfe1 Nd7 16. Nd5 Bxd5 17. exd5 Nc5 18. Qe3 Re8 19. Bg4 Qb4 20. Qe2 e5 21. dxe6 Nxe6 22. Bd2 Qa3 23. Be3 h5 24. Bxe6 Rxe6 25. Qd2 a4 26. Red1 axb3 27. axb3 Rae8 28. h3 Qa6 29. Qb4 Bf8 30. Qb6 Qxb6 31. Bxb6 Re2 32. g3 Ra2 33. Ra1 Rb2 34. Rd3 f5 35. Bd4 Rc2 36. Be3 Rb8 37. Ra5 Kf7 38. Rb5 Ke6 39. Ba7 1-0